| 000 | 00844nas a2200265Ia 4500 | ||
|---|---|---|---|
| 001 | R621/C8232 | ||
| 003 | IT-RoPAU | ||
| 008 | 151124c99999999xx |||||||||||| ||und|| | ||
| 040 | _aIT-RoPAU | ||
| 040 | _cIT-RoPAU | ||
| 041 | _aITALIANO | ||
| 100 |
_aAA.VV. _gCodice Aut. SPICS: 12000 |
||
| 210 | _aNEW AGE TELEVISION | ||
| 222 | _aNew Age Television | ||
| 245 |
_aNEW AGE TELEVISION, N.03 (APRILE/MAGGIO 1994) _bNew Age Television, N.03 (Aprile/Maggio 1994) |
||
| 250 | _a1a ed. | ||
| 260 |
_aMONZA _bNEW SOUNDS SRL _c1994 |
||
| 501 |
_bPaulus - SPICS - Società San Paolo EM (non-commercial uses only) _cCopyright2015 |
||
| 300 | _a82 p. | ||
| 310 | _aBIMESTRALE | ||
| 362 | _aANNO 001, N.03 (APRILE/MAGGIO 1994) | ||
| 500 | _aRivista + Videocassetta. | ||
| 650 |
_aTELEVISIONE - RADIO _vPUBBLICAZIONE PERIODICA |
||
| 942 | _cCR | ||
| 999 |
_c109868 _d109868 |
||